000 01634cas a2200457 a 4500
001 data
008 data
005 20260322212119.0
010 _a 98641445
_zsn 94004584
022 0 _a1075-4946
_21
023 0 _a1075-4946
_21
029 1 _aAU@
_b000025626804
035 _a(OCoLC)30061758
037 _bInternational Computer Science Institute, 1947 Center St., Ste. 600, Berkeley, CA 94704-1105
040 _aNSD
_beng
_cNSD
_dOCLCQ
_dHLS
_dOCLCQ
_dOCLCF
_dOCLCO
_dOCLCQ
_dOCLCL
_dOCLCQ
042 _apcc
_apcc
050 0 0 _aQA75.5
_b.T637
082 0 0 _a004
_221
_1https://id.oclc.org/worldcat/ddc/E3crFxr84MQkDt9mHBYTvbkPCB
130 0 _aTR (International Computer Science Institute)
210 0 _aTR - Int. Comput. Sci. Inst.
222 0 _aTR - International Computer Science Institute
245 1 0 _aTR.
246 1 0 _aTechnical report
260 _aBerkeley, Calif. :
_bInternational Computer Science Institute,
_c1987-
300 _avolumes ;
_c28 cm
310 _aIrregular
336 _atext
_btxt
_2rdacontent
337 _aunmediated
_bn
_2rdamedia
338 _avolume
_bnc
_2rdacarrier
362 0 _a87-001-
590 _aSERBIB/SERLOC merged record
650 0 _aComputer science.
650 7 _aComputer science.
_2fast
_0(OCoLC)fst00872451
710 2 _aInternational Computer Science Institute.
_1https://id.oclc.org/worldcat/entity/E39QQPVp7YfKgqGQQ9XvWJk6Wt
890 _aTR (International Computer Science Institute)
_i98-641445
906 _a7
_bcbc
_cserials
_du
_encip
_f19
_gn-oclcserc
920 _aKeep 1
991 _bc-GenColl
_hQA75.5
_i.T637
_wSERIALS
992 _bSER
_wSERLOC
999 _c1815
_d1815